Study on the compressible hyperelastic constitutive model of tire rubber compounds under moderate finite deformation (Record no. 69857)

MARC details
000 -LEADER
fixed length control field 00489nam a2200157Ia 4500
100 ## - MAIN ENTRY--AUTHOR NAME
Personal name Xia Young
245 #0 - TITLE STATEMENT
Title Study on the compressible hyperelastic constitutive model of tire rubber compounds under moderate finite deformation
260 ## - PUBLICATION, DISTRIBUTION, ETC. (IMPRINT)
Name of publisher Rubber Chemistry and Technology
Year of publication 2004
300 ## - PHYSICAL DESCRIPTION
Number of Pages 230-241
650 ## - SUBJECT ADDED ENTRY--TOPICAL TERM
Topical Term Automated grid method
650 ## - SUBJECT ADDED ENTRY--TOPICAL TERM
Topical Term Tire rubber compound
700 ## - ADDED ENTRY--PERSONAL NAME
Personal name Li W
700 ## - ADDED ENTRY--PERSONAL NAME
Personal name Xia Yuanming
942 ## - ADDED ENTRY ELEMENTS (KOHA)
Koha item type Journals
Holdings
Withdrawn status Lost status Damaged status Not for loan Home library Current library Shelving location Date acquired Serial Enumeration / chronology Koha item type
      Journals RRII Library RRII Library Rubber chemistry 17/12/2021 Volume 77, Issue 2 Journals